県境と県境に挟まれた単独駅 - Statistics

General Stats
  • This quiz has been taken 156 times
  • The average score is 4 of 9
Answer Stats
Answer 解説 % Correct
古河 野木(栃木県)ー【古河(茨城県)】ー栗橋(埼玉県)
86%
板倉東洋大前 藤岡(栃木県)ー【板倉東洋大前(群馬県)】ー柳生(埼玉県)
61%
岐阜羽島 名古屋(愛知県)ー【岐阜羽島(岐阜県)】ー米原(滋賀県)
48%
有壁 一ノ関(岩手県)ー【有壁(宮城県)】ー清水原(岩手県)
40%
鶴川 玉川学園前(東京都)ー(神奈川県)ー【鶴川(東京都)】ー(神奈川県)ー(東京都)ー柿生(神奈川県)
34%
真幸 矢岳(熊本県)ー【真幸(宮崎県)】ー吉松(鹿児島県)
33%
若葉台 稲城(東京都)ー【若葉台(神奈川県)】ー京王永山(東京都)
31%
京王稲田堤 京王多摩川(東京都)ー【京王稲田堤(神奈川県)】ー京王よみうりランド(東京都)
27%
東所沢 新座(埼玉県)ー(東京都)ー【東所沢(埼玉県)】ー新秋津(東京都)
11%
No matching quizzes found
Score Distribution
Percent of People with Each Score
Percentile by Number Answered
Your Score History
You have not taken this quiz